| 000 | 00641nam a2200241Ia 4500 | ||
|---|---|---|---|
| 003 | OSt | ||
| 005 | 20220924121349.0 | ||
| 006 | a|||||r|||| 00| 0 | ||
| 007 | ta | ||
| 008 | 220923b |||||||| |||| 00| 0 urd d | ||
| 020 | _c5.00 | ||
| 024 | _a314134 | ||
| 037 | _cTextual | ||
| 040 |
_aARTS _cARTS _burd |
||
| 041 |
_2urd _aurd |
||
| 082 | _aO168,1MQM,1, E0 | ||
| 100 |
_aDehalvi Mohammad Ali _9185530 |
||
| 245 | 0 | _aDartaj-e-Sukhan | |
| 260 |
_aHyderabad _bMatbe Shamsi India _c1910 |
||
| 650 | _aURDU POETRY | ||
| 942 |
_hO168,1MQM,1, E0 _cTEXL _2CC |
||
| 999 |
_c407137 _d407137 |
||